000 00558nam a2200193Ia 4500
999 _c22410
_d22410
003 OSt
005 20200515111220.0
008 190216s9999||||xx |||||||||||||| ||und||
020 _a8174350160
040 _coclc
082 _a909.097671
_bHAS/H
100 1 _aHasan, Masudul
_9912
245 0 _aHistory Of Islam Vol 2 /
_cMasudul Hasan
250 _a1st Ed.
260 _bAdam Publishers&Distributors,
_c1995.
_aNew Delhi:
300 _a844p
650 _aIslamic History
942 _cBK
_2ddc
_h909.097671
_iHAS/H
_k909.097671
_mHAS/H